University review

Bibliographic Details
Format: Journal
Language:English
PhysicalDescription:6 zv. 24-30 cm
Published: Trenčín Alexander Dubček University of Trenčín 2007-2012
ISSN:1337-6047
1339-5017
Subjects:
Online Access:http://ur.tnuni.sk/index.php?id=31

MARC

LEADER 00000cas a2200000 a 4500
001 vtls009161520
003 SK-MaSNL
005 20260228160620.0
008 071122d20072012xo x|p 0 b0eng
022 |a 1337-6047 
035 |a (SVKBB)vtls000278563 
040 |a SVKBB  |b slo  |c SVKBB  |d SAVUK  |d SVKPO  |d SNK  |e AACR2 
041 0 |a eng 
044 |a xo  |c SK 
072 7 |a 620.1/.2  |x Náuka o materiáli  |2 konspekt 
080 |a 620.2 2011 
080 |a 620.1 2011 
080 |a 050  |2 2001 
080 |a 070.48:001  |2 2001 
210 0 |a Univ. rev.  |b (Trenčín, Tlačené vyd.) 
222 0 |a University review  |b (Trenčín, Tlačené vydanie) 
245 0 0 |a University review 
260 |a Trenčín  |b Alexander Dubček University of Trenčín  |c 2007-2012 
300 |a 6 zv.  |c 24-30 cm 
310 |a 1x ročne  |b 2011-2012 
321 |a 4x ročne  |b 2008-2010 
321 |a 3x ročne  |b 2007 
362 0 |a Vol. 1, no. 1 (2007)-vol. 6, no. 1 (2012) 
500 |a V r. 2012 rozmer zv. 30 cm 
500 |a Evidenčné číslo: EV 2579/08 
500 |a Editori sa menia 
500 |a Vydavateľ oznamuje, že od r. 2013 bude časopis vychádzať v elektronickej podobe 
504 |a Bibliogr., pozn. 
650 0 7 |a materiálové inžinierstvo  |2 SNKPH  |9 4167 
650 0 7 |a skúšobníctvo  |2 SNKPH  |9 4202 
650 0 7 |a Materials engineering  |2 SNKPHeng  |9 267002 
650 0 7 |a Testing  |2 SNKPHeng  |9 267003 
655 7 |a vedecké časopisy  |2 SNKPH  |9 70520 
655 7 |a Scientific journals  |2 SNKPHeng  |9 265227 
710 2 |a Trenčianska univerzita Alexandra Dubčeka v Trenčíne  |4 pbl  |9 35704 
710 2 |a Iževskij gosudarstvennyj techničeskij universitet (Iževsk, Rusko)  |4 pbl  |9 267004 
776 0 |t University review (Trenčín. Online)  |x 1339-5017 
852 |a Štátna vedecká knižnica v Banskej Bystrici 
856 4 1 |u http://ur.tnuni.sk/index.php?id=31 
910 |a savuk 
910 |a snk 
916 |a 2007-2012 
999 |c 3091  |d 5021 
952 |0 0  |1 0  |4 0  |7 0  |8 0  |a SNK  |b SNK  |d 2018-03-07  |f 1  |i snk2018/5720  |l 0  |o snkČSC 3805/1/2007  |p 17A1267744  |r 2026-02-21 21:49:24  |t č. 1-3  |w 2026-02-21  |y PREZ 
952 |0 0  |1 0  |4 0  |7 0  |8 0  |a SNK  |b SNK  |d 2018-03-07  |i snk2018/5731  |l 0  |o snkČSC 3805/1/2007 D1  |p 17A1267743  |r 2026-02-21 21:49:24  |t č. 1-3  |w 2026-02-21  |y PREZ 
952 |0 0  |1 0  |4 0  |7 0  |8 0  |a SNK  |b SNK  |d 2018-03-07  |f 1  |i snk2018/5736  |l 0  |o snkČSC 3805/2/2008  |p 17A1267742  |r 2026-02-21 21:49:24  |t č. 1-4  |w 2026-02-21  |y PREZ 
952 |0 0  |1 0  |4 0  |7 0  |8 0  |a SNK  |b SNK  |d 2018-03-07  |i snk2018/5739  |l 0  |o snkČSC 3805/2/2008 D1  |p 17A1267741  |r 2026-02-21 21:49:24  |t č. 1-4  |w 2026-02-21  |y PREZ 
952 |0 0  |1 0  |4 0  |7 0  |8 0  |a SNK  |b SNK  |d 2018-03-07  |f 1  |i snk2018/5743  |l 0  |o snkČSC 3805/3/2009  |p 17A1267740  |r 2026-02-21 21:49:24  |t č. 1-4  |w 2026-02-21  |y PREZ 
952 |0 0  |1 0  |4 0  |7 0  |8 0  |a SNK  |b SNK  |d 2018-03-07  |i snk2018/5746  |l 0  |o snkČSC 3805/3/2009 D1  |p 17A1267739  |r 2026-02-21 21:49:24  |t č. 1-4  |w 2026-02-21  |y PREZ 
952 |0 0  |1 0  |4 0  |7 0  |8 0  |a SNK  |b SNK  |d 2018-03-07  |f 1  |i snk2018/5747  |l 0  |o snkČSC 3805/4/2010  |p 17A1267738  |r 2026-02-21 21:49:25  |t č. 1-4  |w 2026-02-21  |y PREZ 
952 |0 0  |1 0  |4 0  |7 0  |8 0  |a SNK  |b SNK  |d 2018-03-07  |i snk2018/5748  |l 0  |o snkČSC 3805/4/2010 D1  |p 17A1267737  |r 2026-02-21 21:49:25  |t č. 1-4  |w 2026-02-21  |y PREZ 
952 |0 0  |1 0  |4 0  |7 0  |8 0  |a SNK  |b SNK  |d 2018-03-07  |f 1  |i snk2018/5751  |l 0  |o snkČSC 3805/5/2011  |p 17A1267736  |r 2026-02-21 21:49:25  |t č. 1  |w 2026-02-21  |y PREZ  |z Vyšlo len jedno číslo 
952 |0 0  |1 0  |4 0  |7 0  |8 0  |a SNK  |b SNK  |d 2018-03-07  |i snk2018/5753  |l 0  |o snkČSC 3805/5/2011 D1  |p 17A1267735  |r 2026-02-21 21:49:25  |t č. 1  |w 2026-02-21  |y PREZ  |z Vyšlo len jedno číslo 
952 |0 0  |1 0  |4 0  |7 0  |8 0  |a SNK  |b SNK  |d 2018-03-07  |f 1  |i snk2018/5757  |l 0  |o snkČSC 3805/6/2012  |p 17A1267734  |r 2026-02-21 21:49:25  |t č. 1  |w 2026-02-21  |y PREZ  |z Vyšlo len jedno číslo 
952 |0 0  |1 0  |4 0  |7 0  |8 0  |a SNK  |b SNK  |d 2018-03-07  |i snk2018/5760  |l 0  |o snkČSC 3805/6/2012 D1  |p 17A1267733  |r 2026-02-21 21:49:25  |t č. 1  |w 2026-02-21  |y PREZ  |z Vyšlo len jedno číslo